Temesvári Rádió
Elmentve itt :
| Szerző: | |
|---|---|
| Adatforrás: | Meister |
| Forrásdokumentuma: | Művelődés. - 3 sz., 1998, 26 p. |
| Nyelv: | magyar |
| Kulcsszavak: | intézménytörténet rádió mass-media Temesvár Temesvári Rádió |
| LEADER | 00436nab a2200169 i 4500 | ||
|---|---|---|---|
| 001 | bibPRO00001443 | ||
| 008 | 060524s1998 xx hun | ||
| 040 | |a Sz1 | ||
| 041 | |a hun | ||
| 100 | 1 | |a BARANYAI László | |
| 245 | 1 | 0 | |a Temesvári Rádió |c BARANYAI László |
| 695 | |a intézménytörténet | ||
| 695 | |a rádió | ||
| 695 | |a mass-media | ||
| 695 | |a Temesvár | ||
| 695 | |a Temesvári Rádió | ||
| 773 | 0 | |t Művelődés. - |g 3 sz., 1998, 26 p. | |